<?xml version="1.0" encoding="UTF-8"?>
<record
    xmlns:xsi="http://www.w3.org/2001/XMLSchema-instance"
    xsi:schemaLocation="http://www.loc.gov/MARC21/slim http://www.loc.gov/standards/marcxml/schema/MARC21slim.xsd"
    xmlns="http://www.loc.gov/MARC21/slim">

  <leader>01896cam a2200421 i 4500</leader>
  <controlfield tag="001">0006251270</controlfield>
  <controlfield tag="003">OSt</controlfield>
  <controlfield tag="005">20260618200838.0</controlfield>
  <controlfield tag="007">ta</controlfield>
  <controlfield tag="008">191107t20192019sz ||||j      000 0 fre  </controlfield>
  <datafield tag="020" ind1=" " ind2=" ">
    <subfield code="a">9782889570263</subfield>
    <subfield code="q">(broch)&#x30C;</subfield>
  </datafield>
  <datafield tag="024" ind1="3" ind2=" ">
    <subfield code="a">9782889570263</subfield>
  </datafield>
  <datafield tag="040" ind1=" " ind2=" ">
    <subfield code="a">SDM</subfield>
    <subfield code="b">fre</subfield>
    <subfield code="e">rda</subfield>
    <subfield code="d">SQTD</subfield>
    <subfield code="d">QMBND</subfield>
  </datafield>
  <datafield tag="041" ind1="1" ind2=" ">
    <subfield code="a">fre</subfield>
    <subfield code="h">ita</subfield>
  </datafield>
  <datafield tag="082" ind1=" " ind2="5">
    <subfield code="a">J 688.725 </subfield>
    <subfield code="b">F827L</subfield>
    <subfield code="2">23</subfield>
  </datafield>
  <datafield tag="091" ind1="0" ind2=" ">
    <subfield code="a">688.725</subfield>
  </datafield>
  <datafield tag="100" ind1="1" ind2=" ">
    <subfield code="a">Frangioja, Francesco,</subfield>
    <subfield code="d">1971-</subfield>
    <subfield code="e">auteur.</subfield>
  </datafield>
  <datafield tag="240" ind1="1" ind2="0">
    <subfield code="a">Leonardo de Vinci, construis ses linvenzioni con i mattoncini LEGO.</subfield>
    <subfield code="l">Fran&#x227;is</subfield>
  </datafield>
  <datafield tag="245" ind1="1" ind2="0">
    <subfield code="a">L&#xE9;onard de Vinci, construis ses inventions en briques LEGO /</subfield>
    <subfield code="c">Francesco Frangioja ; traduction, Ch&#x13E;i Rioboo.</subfield>
  </datafield>
  <datafield tag="246" ind1="3" ind2="0">
    <subfield code="a">Construis ses inventions en briques LEGO</subfield>
  </datafield>
  <datafield tag="264" ind1=" " ind2="1">
    <subfield code="a">Chermignon, Suisse :</subfield>
    <subfield code="b">Nuinui jeunesse,</subfield>
    <subfield code="c">[2019]</subfield>
  </datafield>
  <datafield tag="264" ind1=" " ind2="4">
    <subfield code="c">&#x266D;2019</subfield>
  </datafield>
  <datafield tag="300" ind1=" " ind2=" ">
    <subfield code="a">159 pages :</subfield>
    <subfield code="b">illustrations en couleur ;</subfield>
    <subfield code="c">29 cm.</subfield>
  </datafield>
  <datafield tag="336" ind1=" " ind2=" ">
    <subfield code="a">texte</subfield>
    <subfield code="b">txt</subfield>
    <subfield code="2">rdacontent</subfield>
  </datafield>
  <datafield tag="337" ind1=" " ind2=" ">
    <subfield code="a">sans m&#x10F;iation</subfield>
    <subfield code="b">n</subfield>
    <subfield code="2">rdamedia</subfield>
  </datafield>
  <datafield tag="338" ind1=" " ind2=" ">
    <subfield code="a">volume</subfield>
    <subfield code="b">nc</subfield>
    <subfield code="2">rdacarrier</subfield>
  </datafield>
  <datafield tag="500" ind1=" " ind2=" ">
    <subfield code="a">Traduction de: Leonardo da Vinci, costruisci le invenzioni con i mattoncini LEGO.</subfield>
  </datafield>
  <datafield tag="500" ind1=" " ind2=" ">
    <subfield code="a">"&#xB0; l'occasion des 500 ans de la mort de L&#xE9;onard de Vinci. Instructions de montage pas &#xE0;  pas; un code QR avec des contenus multimedia pour chaque modl&#x308;e; les listes d&#xE9;taill&#xE9;es des pi&#xE8;ces et des conseils pour les obtenir"--Couverture.</subfield>
  </datafield>
  <datafield tag="600" ind1="0" ind2="6">
    <subfield code="a">L&#xE9;onard,</subfield>
    <subfield code="c">de Vinci,</subfield>
    <subfield code="d">1452-1519</subfield>
  </datafield>
  <datafield tag="600" ind1="0" ind2="7">
    <subfield code="a">L&#xE9;onard,</subfield>
    <subfield code="c">de Vinci,</subfield>
    <subfield code="d">1452-1519</subfield>
    <subfield code="2">vmj</subfield>
  </datafield>
  <datafield tag="650" ind1=" " ind2="6">
    <subfield code="a">LEGO (Jouets)</subfield>
  </datafield>
  <datafield tag="650" ind1=" " ind2="6">
    <subfield code="a">Inventions</subfield>
    <subfield code="x">Modl&#x308;es r&#x10F;uits</subfield>
  </datafield>
  <datafield tag="650" ind1=" " ind2="7">
    <subfield code="a">LEGO (Jouets)</subfield>
    <subfield code="2">vmj</subfield>
  </datafield>
  <datafield tag="650" ind1=" " ind2="7">
    <subfield code="a">Inventions</subfield>
    <subfield code="x">Modl&#x308;es r&#x10F;uits</subfield>
    <subfield code="2">vmj</subfield>
  </datafield>
  <datafield tag="700" ind1="1" ind2=" ">
    <subfield code="i">Traduction de:</subfield>
    <subfield code="a">Frangioja, Francesco,</subfield>
    <subfield code="d">1971-</subfield>
    <subfield code="t">Leonardo da Vinci, costruisci le invenzioni con i mattoncini LEGO</subfield>
  </datafield>
  <datafield tag="942" ind1=" " ind2=" ">
    <subfield code="2">ddc</subfield>
    <subfield code="c">DOC JEUNE</subfield>
  </datafield>
  <datafield tag="999" ind1=" " ind2=" ">
    <subfield code="c">18903</subfield>
    <subfield code="d">18903</subfield>
  </datafield>
  <datafield tag="952" ind1=" " ind2=" ">
    <subfield code="0">0</subfield>
    <subfield code="1">0</subfield>
    <subfield code="2">ddc</subfield>
    <subfield code="4">0</subfield>
    <subfield code="7">0</subfield>
    <subfield code="a">HENRYVILLE</subfield>
    <subfield code="b">HENRYVILLE</subfield>
    <subfield code="d">2026-06-18</subfield>
    <subfield code="l">1</subfield>
    <subfield code="o">J 688.725 </subfield>
    <subfield code="p">30001030039236</subfield>
    <subfield code="r">2026-06-27 09:41:51</subfield>
    <subfield code="s">2026-06-25</subfield>
    <subfield code="w">2026-06-18</subfield>
    <subfield code="y">DOC JEUNE</subfield>
  </datafield>
</record>
